| 000 | 00496nam a22001697a 4500 | ||
|---|---|---|---|
| 999 |
_c40709 _d40709 |
||
| 003 | OSt | ||
| 005 | 20200606120126.0 | ||
| 008 | 191030b ||||| |||| 00| 0 eng d | ||
| 020 | _a9789380786162 | ||
| 040 | _cMESKC library | ||
| 082 |
_a796 _bSRi/C |
||
| 100 |
_aSrivastav,Surendra _968 |
||
| 245 |
_aCricket: _bSampooran Khel Niyam/ _cSurendra Srivastava |
||
| 260 |
_aNew Delhi: _bD J Publications, _c2014 |
||
| 300 | _a152p | ||
| 942 |
_2ddc _cBK _h796 _iSRI/C _k796 _mSRI/C |
||